00222nam a2200097Ia 4500100001700000654002500017245002500042260003200067082001300099546001200112 aGieck/ Kurt  aEngineering formulas aEngineering formulas bMcGraw HillaNew Yorkc1976 a621.0212 aENGLISH